Smlouvy obstaravatelského typu - smlouva o zprostředkování.

Podstatou zmluvy o sprostredkovaní je zabezpečenie podmienok pre uzavretie inej zmluvy. Platená činnosť sprostredkovateľa smeruje k uzavretiu zmluvy medzi jeho zmluvným partnerom (tzv. záujemcom) a treťou osobou. Charakteristika zmluvných strán, predmetu záväzku sprostredkovateľa, nároku na províziu...

ver descrição completa

Na minha lista:
Detalhes bibliográficos
Autor principal: Nesnídal, Jiří
Formato: Capítulo de Livro
Idioma:tcheco
Assuntos:
Tags: Adicionar Tag
Sem tags, seja o primeiro a adicionar uma tag!

MARC

LEADER 00000naa a2200000 4500
001 r011631
005 20220826093539.5
041 0 |a cze 
044 |a [CS] 
245 1 0 |a Smlouvy obstaravatelského typu - smlouva o zprostředkování.  |c Jiří Nesnídal 
520 |a Podstatou zmluvy o sprostredkovaní je zabezpečenie podmienok pre uzavretie inej zmluvy. Platená činnosť sprostredkovateľa smeruje k uzavretiu zmluvy medzi jeho zmluvným partnerom (tzv. záujemcom) a treťou osobou. Charakteristika zmluvných strán, predmetu záväzku sprostredkovateľa, nároku na províziu a vzájomnej informovanosti. 
610 2 0 |a zmluvy obchodné 
610 2 0 |a sprostredkovatelia 
610 2 0 |a provízie 
100 1 |a Nesnídal, Jiří